| 000 | 02264cam a22005294i 4500 | ||
|---|---|---|---|
| 003 | PE-LiUPU | ||
| 005 | 20250731180141.0 | ||
| 008 | 150706s r 000 0 d | ||
| 020 | _a9788429150391 | ||
| 035 | _a(Sirsi) i9788429150391 | ||
| 040 |
_aPE-LiUPU _bspa _cPE-LiUPU _erda |
||
| 049 | _aPRUA | ||
| 082 | 0 | 4 |
_a519.2 _bR79 _221 |
| 100 | 1 |
_aRoss, Sheldon M., _eautor. |
|
| 245 | 1 | 0 |
_aIntroducción a la estadística / _cSheldon M. Ross. |
| 264 | 1 |
_aMadris : _bREVERTÉ, _c2007. |
|
| 300 |
_a809 P. : _bilustraciones , tabla col ; _c25 centímetros |
||
| 336 |
_atext _2rdacontent |
||
| 337 |
_aunmediated _2rdamedia |
||
| 338 |
_avolume _2rdacarrier |
||
| 505 | 0 | _aIntroducción a la estadística -- Descripción de los conjuntos de datos -- Uso de la estadística para sintetizas conjuntos de datos -- Probabilidad -- Variables aleatorias discretas -- Variable aleatorias normales -- Distribuciones de los estadísticos asociados al muestreo -- Estimación -- Contraste de hipótesis estadísticas -- Contrastes de hipótesis relativas a dos poblaciones -- Análisis de la varianza -- Regresión lineal -- Regresión lineal -- Contrastes de bondad de ajuste de la chi-cuadrado -- Contraste de hipótesis no para métricos -- Control de calidad. . | |
| 526 | _aSEG44 | ||
| 526 | _aSEG26 | ||
| 526 | _aP159 | ||
| 526 | _aP155 | ||
| 526 | _aP154 | ||
| 526 | _aP153 | ||
| 526 | _aP150 | ||
| 526 | _aP100 | ||
| 526 | _aP31 | ||
| 526 | _aP30 | ||
| 526 | _aP26 | ||
| 526 | _aP25 | ||
| 526 | _aP24 | ||
| 526 | _aP22 | ||
| 526 | _aP15 | ||
| 526 | _aP10 | ||
| 541 | _g0054-0000884; | ||
| 650 | 0 | 4 |
_aEstadística _xIntroducciones. |
| 650 | 0 | 4 | _aProbabillidad y estadistica matemática. |
| 910 |
_agl _bjv _cng _d20091014 |
||
| 942 |
_2ddc _cBOOK |
||
| 949 |
_a519.2 R79 _wDEWEY _c1 _i60595 _d2016-8-16 _e2016-8-10 _lCCODEBUL1 _mBUL _n2 _p36.00 _r0 _sY _tBOOK _u2015-7-6 _xINGENIERIA _PP27 _0COMPRA _o.STAFF. Colección General |
||
| 994 |
_aC0 _bPEPRU |
||
| 596 | _a1 | ||
| 999 |
_a519.2 R79 _wDEWEY _c50013 _i60595 _d50013 _e2017-9-24 _f2021-11-5 _g7 _lCCODEBUL1 _mBUL _n7 _p36.00 _q2 _r0 _sY _tBOOK _u2015-7-6 _xBIBLIOTECA _PP27 _0COMPRA _o.STAFF. Colección General |
||
| 980 |
_81 _gALBERTO SANCHEZ Responsable de Automatización |
||